LEADER 01444nam a2200265 i 4500 001 000000044872 003 CaOOAMICUS 005 20150730000000.0 008 150730s1978 it u000 u ita u 013 $a16042 040 $aSeMil$bita 245 10$aVerso una gestione dei beni culturali come servizio pubblico :$battivitą legislativa e dibattito culturale dallo stato unitario alle regioni (1860-1977) /$ca cura di Augusto Rossari e Roberto Togni ; con testi di Paolo Nicolini e Sandra Sicoli. 260 $a[Milano] :$bGarzanti,$ccopyr. 1978. 300 $a423 p. ;$c21 cm. 500 $aContiene : Appendice. (Edizione speciale per la Regione Lombardia). 650 4$aBeni culturali - Conservazione, gestione, valorizzazione e tutela.$0(OLS)http://semarc/subject/3933 700 1 $aRossari, Augusto.$0(OLS)http://semarc/name/22338 700 1 $aSicoli, Sandra.$0(OLS)http://semarc/name/22341 700 1 $aNicolini, Paolo.$0(OLS)http://semarc/name/22340 700 1 $aTogni, Roberto.$0(OLS)http://semarc/name/22339 850 $aSeMil 852 $aSeMil$W1$xVenegono$y1$m3N V 281$j11027$B11027$CSeMilBibl$Z2$F11027 $81 961 $aOmaggio: Donazione 996 $6245$aVerso una gestione dei beni culturali come servizio pubblico :$battivitą legislativa e dibattito culturale dallo stato unitario alle regioni (1860-1977)$9(OLS)http://semarc/title/66557 996 $6260$a[Milano] :$bGarzanti$9(OLS)http://semarc/publisher/31829 LEADER 00682nam a2200181 i 4500 001 000000099187 003 CaOOAMICUS 005 20130824000000.0 008 130824n xx u000 u und u 013 $a71339 040 $aSeMil$bita 100 1 $aFabbretti, Nazareno,$c.$0(OLS)http://semarc/name/19687 245 10$aDon Mazzolari Don Milani. I "disobbedienti". 260 $aMilano :$bBompiani 850 $aSeMil 852 $aSeMil$W1$xVenegono$y1$m86 28 5 *$j56781$B56781$CSeMilBibl$Z2$F66698 $81 996 $6245$aDon Mazzolari Don Milani. I "disobbedienti"$9(OLS)http://semarc/title/146790 996 $6260$aMilano :$bBompiani$9(OLS)http://semarc/publisher/29706